| 000 | 01594ncm0a2200313 4500 | ||
|---|---|---|---|
| 001 | RU\NLR\ONIZ\214558 | ||
| 005 | 20250626034730.0 | ||
| 035 | _a(NLR Aleph) 011273226 | ||
| 090 |
_a10829598 _c10829598 |
||
| 100 | _a20160903d2003 |||y0rusy50 ca | ||
| 101 | 0 | _arus | |
| 102 | _aRU | ||
| 125 | _aax | ||
| 200 | 1 |
_aМаленький трубач _bНоты _eпьесы для трубы и фп. _e[для учащихся ДМШ ] _fсост. Ю. Литовко |
|
| 210 |
_aСанкт-Петербург _cСоюз художников _d2003 |
||
| 215 |
_a23 с., 1 парт. (6 с.) _d29 см |
||
| 327 | 1 | _a1-6. Маленький трубач; Марш синьора Помидора; Вокализ; Весёлый тролль; Воспоминание о вальсе; Марш Пиццикато / Ю. Литовко. 7. Тень твоей улыбки / Д. Мендел. 8. Лунная река / Г. Манчини. 9. Ты, соловушка, умолкни / М. Глинка. 10. Адажио / Т. Альбинони. 11. Дым / Д. Керн; перелож. Ю. Литовко (7-11) | |
| 606 | 1 |
_aПьесы для трубы (ДМШ) _jНоты _2nlr_sh |
|
| 686 |
_aЩ957.319.8я43 _vLBC/SL _2rubbk |
||
| 700 | 1 |
_9z01790 _aЛитовко _bЮ. А. _gЮрий Антонович _4230 |
|
| 790 | 1 |
_9z01700 _aLitovko _bYu. A. _gYuriy Antonovich _4230 |
|
| 801 | 0 |
_aRU _bNLR _c20160903 _gPSBO |
|
| 801 | 1 |
_aRU _bNLR _c20160903 _2rusmarc |
|
| 801 | 2 |
_aRU _bNLR _c20161208 |
|
| 852 |
_aNLR _bМ _jК-3/24401 _p281775 _t1 |
||
| 942 | _cSCORE | ||
| 980 | _aNB | ||
| 980 | _aONIZ | ||